00677nam a2200241 a 4500001001300000003000900013005001700022008004100039020002300080082001300103100002000116245002300136260004000159300000900199500003500208505001000243650001400253700002000267902000800287942000700295952011600302999001700418nice12345678IN_TiNIC20260116014936.0050524s1977 newa grp 000 0 eng  a0393158 c58500a520bJAS aJastrow, Robert aUntil the Sun Dies aNew YorkbW.W.Norton and Co. c1977 a172p aincludes index and biblioraphy2 aIndex aAstrology1 aJastrow, Robert bSRS cBK 001040708StackRoom-aHMIbHMId2007-06-11g585.00l0o520 JASp11001637r2007-06-11v585.00w2005-05-24yBK c17647d17647